| 000 | 00717nam a2200157 a 4500 | ||
|---|---|---|---|
| 008 | 120416s1961 xx |||||||||||||| || u | ||
| 050 | _aE 178.6 Ame | ||
| 100 | _aFine, Sidney A | ||
| 245 | 1 | 4 |
_aThe American past _cedited by Sidney A. Fine |
| 246 | _aconflicting interpretations of the great issues | ||
| 260 | _c1961 | ||
| 350 | _a0.00 | ||
| 700 | _aBrown, Gerald S | ||
| 995 |
_aMAIN LIBRARY OPEN ACCESS _D0.00 _e709907 _FCBU-MAIN LIBRARY (Kitwe) _H1 _I8.00 _jE 178.6 Ame _M1 _UAVAILABLE _WOct 11, 2006 _y001179 _ZMain Library Open Access Collection |
||
| 995 |
_aMAIN LIBRARY OPEN ACCESS _D0.00 _e709906 _FCBU-MAIN LIBRARY (Kitwe) _H2 _I8.00 _jE 178.6 Ame _M2 _UAVAILABLE _WOct 11, 2006 _y001180 _ZMain Library Open Access Collection |
||
| 999 |
_c83908 _d83908 |
||